DESIGN AND ANALYSIS OF EXPERIMENTS: INTERNATIONAL STUDENT VERSION (Record no. 8301)

MARC details
000 -LEADER
fixed length control field 00476nam a22001817a 4500
005 - DATE AND TIME OF LATEST TRANSACTION
control field 20230509123535.0
008 - FIXED-LENGTH DATA ELEMENTS--GENERAL INFORMATION
fixed length control field 230509b |||||||| |||| 00| 0 eng d
020 ## - INTERNATIONAL STANDARD BOOK NUMBER
ISBN 9788126540501
041 ## - LANGUAGE CODE
Language code of text/sound track or separate title eng
082 ## - DEWEY DECIMAL CLASSIFICATION NUMBER
Classification number 519.5 MON-D
100 ## - MAIN ENTRY--AUTHOR NAME
Personal name MONTGOMERY,DOUGLAS C.
245 ## - TITLE STATEMENT
Title DESIGN AND ANALYSIS OF EXPERIMENTS: INTERNATIONAL STUDENT VERSION
250 ## - EDITION STATEMENT
Edition statement 8th ed.
260 ## - PUBLICATION, DISTRIBUTION, ETC. (IMPRINT)
Name of publisher WILEY
300 ## - PHYSICAL DESCRIPTION
Number of Pages 726;P.
650 ## - SUBJECT ADDED ENTRY--TOPICAL TERM
Topical Term PHARMACY
General subdivision B. PHARMA
942 ## - ADDED ENTRY ELEMENTS (KOHA)
Koha item type Books
Holdings
Lost status Damaged status Collection code Home library Current library Shelving location Date acquired Source of acquisition Cost, normal purchase price Full call number Accession Number Koha item type
    PHARMACY JRU Library JRU Library Shelf - 21- G 08/05/2023 LOHIA BOOKS INTERNATIONAL 14650.00 519.5 MON-D 27714 Books